|
|
|
|
| LEADER |
00000nam0a2200000 4500 |
| 001 |
78980 |
| 005 |
20251215171214.0 |
| 035 |
|
|
|a (RuTPU)RU\TPU\book\84824
|
| 090 |
|
|
|a 78980
|
| 100 |
|
|
|a 20050708d2004 m y0rusy50 ca
|
| 101 |
0 |
|
|a rus
|
| 102 |
|
|
|a RU
|
| 105 |
|
|
|a y z 000zy
|
| 200 |
1 |
|
|a Регламент использования документов постоянного хранения в библиотеках Российской федерации
|e (проект)
|f Государственная публичная историческая библиотека России
|
| 210 |
|
|
|a Москва
|d 2004
|
| 215 |
|
|
|a 17 с.
|
| 610 |
1 |
|
|a библиотеки
|
| 610 |
1 |
|
|a Российская Федерация
|
| 610 |
1 |
|
|a документы постоянного хранения
|
| 610 |
1 |
|
|a использование
|
| 610 |
1 |
|
|a регламент
|
| 686 |
|
|
|a Ч736.1
|2 rubbk
|
| 712 |
0 |
2 |
|a Государственная публичная историческая библиотека России
|c Москва
|c 1991-
|3 (RuTPU)RU\TPU\col\1861
|9 23606
|
| 801 |
|
1 |
|a RU
|b 63413507
|c 20050708
|g PSBO
|
| 801 |
|
2 |
|a RU
|b 63413507
|c 20050708
|g PSBO
|
| 942 |
|
|
|c BK
|